000 01377nam0a22002651 4500
001 rc\2958774
005 20110902121749.8
035 _a(NLR Aleph) 007105647
090 _a6715591
_c6715591
100 _a20110902d1933 |||y0rusy50 ca
101 1 _arus
_cger
102 _aRU
105 _aa j |||||
200 1 _aКурс органической химии
_eДопущено в качестве учебника к изд. в 1934 г. Ком. по высш. техн. образованию при ЦИК СССР
_fА. Голлеман
_gПер. с 19 перераб. нем. изд. под ред. проф. А.В. Степанова
210 _aМосква
_aЛенинград
_cГосхимтехиздат
_d1933
_eЛенинград
_gтип. "Кр. печатник"
215 _aПереплет, 489 с.
_cил.
_d23х16 см
300 _aДоб. тит. л.: "A.F. Holleman. Lehrbuch der organischen Chemie. Neunzehnte umgearbeitete und vermehrte Auflage von Friedrich Richter. Berlin-Leipzig, Walter de Gruyter & Co. "
513 0 0 _aLehrbuch der organischen Chemie
_zger
700 1 _aХоллеман
_bА. Ф.
_f1859-1912
_gАрнольд Фредерик
702 1 _aСтепанов
_bА. В.
_gАлександр Васильевич
_4340
801 0 _aRU
_bNLR
_gpsbo
801 1 _aRU
_bELAR
_2rusmarc
852 _aNLR
_j34-4/465
942 _cBOOK
980 _aNB